| 000 | 00458nam a22001697a 4500 | ||
|---|---|---|---|
| 999 |
_c7302 _d7302 |
||
| 003 | OSt | ||
| 005 | 20190207115421.0 | ||
| 008 | 190207b ||||| |||| 00| 0 eng d | ||
| 020 | _a8189554026 | ||
| 040 | _cDLC | ||
| 082 |
_a242.2 _bS969F |
||
| 100 | _aSvoboda, Sonya | ||
| 245 |
_aFootprints Of Faith: Stories Of YWAM in South Asia / _cBy Snya Svoboda. |
||
| 260 |
_aChennai, INDIA : _bYWAM Publishing House, _cc2006. |
||
| 300 | _a169 p.: | ||
| 942 |
_2ddc _cBK |
||